[Event "25th Open Pula"]
[Site "Pula CRO"]
[Date "2011.06.19"]
[Round "2.10"]
[White "Kovacevic,Bl"]
[Black "Trajber,D"]
[Result "1-0"]
[WhiteElo "2474"]
[BlackElo "2152"]

1.d4 d5 2.c4 dxc4 3.Nf3 Nf6 4.e3 e6 5.Bxc4 c5 6.O-O a6 7.b3 b5 8.Be2 Bb7
9.Bb2 Nbd7 10.Nbd2 Be7 11.a4 Qb6 12.dxc5 Bxc5 13.axb5 axb5 14.Nd4 b4 15.Nc4 Qd8
16.Bf3 Rxa1 17.Qxa1 Bxf3 18.Nxf3 O-O 19.Nfe5 Nxe5 20.Bxe5 Be7 21.Rd1 Qa8
22.Bxf6 Bxf6 23.Qb1 Rd8 24.g3 Rxd1+ 25.Qxd1 Qa1 26.Qxa1 Bxa1 27.Kf1 Kf8 28.Ke2 Ke7
29.Nd2 f5 30.Kd3 Bc3 31.Nb1 Be5 32.Kc4 Bd6 33.Nd2 Kd7 34.Nf3 g6 35.Nd4 e5
36.Nc2 f4 37.e4 g5 38.g4 Ke6 39.Nxb4 Bb8 40.f3 Ba7 41.Nd5 h5 42.h3 h4 43.Nc7+ Kd7
44.Nb5  1-0

[Event "Mukachevo Summer"]
[Site "Mukachevo UKR"]
[Date "2011.06.21"]
[Round "1"]
[White "Kovalenko,I"]
[Black "Kalinina,O"]
[Result "0-1"]
[WhiteElo "2581"]
[BlackElo "2222"]

1.Nf3 d5 2.d4 Nf6 3.c4 dxc4 4.e3 e6 5.Bxc4 c5 6.O-O a6 7.Bb3 Nc6 8.Nc3 Be7
9.Qe2 cxd4 10.Rd1 d3 11.Rxd3 Qc7 12.e4 Ng4 13.h3 Nge5 14.Nxe5 Nxe5 15.Bf4 O-O
16.Rg3 Bf6 17.h4 Qe7 18.Bg5 b5 19.Rf1 b4 20.Nd1 Bd7 21.Re1 Bb5 22.Qh5 Rfd8
23.Ne3 g6 24.Qh6 Rd7 25.Bxf6 Qxf6 26.h5 Qg7 27.Qxg7+ Kxg7 28.Rc1 Nd3 29.Rc2 Nf4
30.Rg4 Nxh5 31.e5 a5 32.Bc4 Bxc4 33.Rgxc4 g5 34.g3 Kg6 35.Rc5 Ng7 36.Nc4 Rd5
37.Nb6 Rxc5 38.Rxc5 Rb8 39.Nc4 a4 40.g4 h5 41.f3 a3 42.b3 Rd8 43.Nd6 Ne8
44.gxh5+ Kxh5 45.Ne4 Rd1+ 46.Kf2 Ra1 47.Rc2 Ng7 48.Nc5 Nf5 49.Nd3 Nd4 50.Rd2 Nc6
51.Ke3 Kg6 52.Rc2 Ne7 53.Nxb4 Nd5+ 54.Nxd5 exd5 55.Kd4 Rd1+ 56.Kc5 Kf5 57.Rg2 d4
58.b4 d3 59.Kd4 Rb1 60.Kc3 Kf4 61.Kxd3 Kxf3 62.Rxg5 Kf4 63.Rh5 Rb2 64.Kc4 Ke4
65.Rh7 Rxa2 66.Rxf7 Kxe5 67.Rd7 Rb2 68.Kc5 a2 69.Re7+ Kf4 70.Ra7 Ke3 71.b5 Kd2
72.b6 Kc1 73.Rh7 Rc2+ 74.Kd6 Rd2+  0-1

[Event "Championnat de Corse"]
[Site "Bastia FRA"]
[Date "2011.06.25"]
[Round "1.2"]
[White "Bicchierai,G"]
[Black "Humeau,C"]
[Result "0-1"]
[WhiteElo "2121"]
[BlackElo "2226"]

1.d4 d5 2.Nf3 Nf6 3.c4 dxc4 4.e3 e6 5.Bxc4 c5 6.O-O a6 7.e4 b5 8.Bb3 Bb7
9.e5 Nd5 10.Bg5 Be7 11.Bxe7 Qxe7 12.dxc5 Qxc5 13.Nbd2 Nf4 14.Rc1 Qxc1 15.Qxc1 Ne2+
16.Kh1 Nxc1 17.Rxc1 Bxf3 18.Rc8+ Ke7 19.Rxh8 Nd7 20.Rxh7 Bb7 21.Rxg7 Nxe5
22.Rg3 Rd8 23.Nf3 Bxf3 24.gxf3 Rd2 25.Kg1 a5 26.a4 Rxb2 27.f4 bxa4 28.Bxa4 Ng6
29.Ra3 Nxf4 30.h4 Kf6 31.Kh2 Ng6 32.Kg3 Ne7 33.h5 Nf5+ 34.Kg2 Re2 35.Rh3 Nh6
36.Rf3+ Ke7 37.Rb3 Re5 38.Rb7+ Kf6 39.Bd1 Rc5 40.Ra7 Kg5 41.Be2 Re5 42.Bd1 Kf4
43.Rc7 Rd5 44.Be2 Kg5 45.Ra7 Kf6 46.Ra8 Rg5+ 47.Kf1 Rc5 48.Kg2 Nf5 49.Bd1 Nh6
50.Be2 Rg5+ 51.Kf1 Kg7 52.Ra7 Ng8 53.Bd1 Kf6 54.Ra8 Nh6 55.Ra7 Re5 56.Ra8 Rc5
57.Kg2 Nf5 58.Ra7 Rd5 59.Bb3 Rb5 60.Bd1 Rc5 61.Be2 Rd5 62.Bc4 Nh4+ 63.Kh3 Rxh5
64.Be2 Re5 65.Kxh4 Rxe2 66.Kg3 Re5 67.Kf4 Rb5 68.Ke3 Rb3+ 69.Ke2 Ra3 70.Kd2 Kg6
71.Re7 Ra4 72.Ke3 Rb4 73.Ra7 a4 74.Ke2 f6  0-1

[Event "6th Dvorkovich Cup"]
[Site "Moscow RUS"]
[Date "2011.06.28"]
[Round "5.9"]
[White "Bernadskiy,V"]
[Black "Kozganbayev,E"]
[Result "0-1"]
[WhiteElo "2435"]
[BlackElo "2271"]

1.d4 d5 2.c4 dxc4 3.e3 Nf6 4.Bxc4 e6 5.Nf3 c5 6.O-O a6 7.a4 Nc6 8.Nc3 Be7
9.h3 O-O 10.d5 exd5 11.Nxd5 Nxd5 12.Bxd5 Nb4 13.Bc4 Bf5 14.Bd2 Bd6 15.Bc3 Qe7
16.Qe2 Be4 17.Nd2 Bc6 18.Qh5 g6 19.Qh6 Be5 20.e4 Qf6 21.Ra3 Qf4 22.Qxf4 Bxf4
23.Nb3 b6 24.g3 Bc7 25.Nd2 Rad8 26.Rc1 a5 27.Raa1 Rfe8 28.Bb5 Bxb5 29.axb5 Nd3
30.Rd1 Rd7 31.Kf1 Re6 32.Ra3 Ne5 33.Ke2 f5 34.f4 Nc4 35.Raa1 Nxd2 36.e5 Kf7
37.Rxd2 Ree7 38.Rad1 Ke6 39.Rxd7 Rxd7 40.Rxd7 Kxd7 41.Kd3 Ke6 42.Kc4 Bd8
43.h4 h6 44.b3 Be7 45.Be1 g5 46.fxg5 hxg5 47.h5 Bf8 48.Bd2 Bh6 49.Bc3 Bg7
50.Bd2 Bh6 51.Bc3 g4 52.Bb2 f4 53.Kd3 fxg3 54.Ke2 Bf4 55.Kf1 Bxe5 56.Bc1 Kd5
57.Kg2 c4 58.bxc4+ Kxc4 59.h6 Kxb5 60.h7 a4 61.Bf4 Bh8 62.Bd6 Kc4 63.Kxg3 b5
64.Kf4 Kd5 65.Ba3 g3 66.Kxg3 Kc4 67.Kf4 b4 68.Bc1 a3 69.Ke4 a2 70.Bf4 a1=Q  0-1

[Event "TCh-TUR 2011"]
[Site "Konya TUR"]
[Date "2011.07.02"]
[Round "6"]
[White "Shimanov,A"]
[Black "Nyzhnyk,I"]
[Result "1/2-1/2"]
[WhiteElo "2583"]
[BlackElo "2583"]

1.d4 d5 2.c4 dxc4 3.Nf3 Nf6 4.e3 e6 5.Bxc4 c5 6.O-O a6 7.dxc5 Qxd1 8.Rxd1 Bxc5
9.Be2 Nc6 10.Nbd2 Ke7 11.b3 Bd7 12.Ne1 b5 13.Bb2 Rhd8 14.Nd3 Bd6 15.g4 h6
16.h4 Nb4 17.g5 hxg5 18.hxg5 Nfd5 19.Ne4 Nxd3 20.Rxd3 Bc7 21.Bf3 b4 22.Bxg7 Rg8
23.Bd4 f5 24.Bc5+ Kd8 25.Nf6 Rxg5+ 26.Kh1 Nxf6 27.Bxa8 Ke8 28.Rxd7 Kxd7 29.Rd1+ Ke8
30.Bxb4 f4 31.exf4 Bxf4 32.Bf3 a5 33.Bc3 Kf7 34.a4 Rc5 35.Be1 Nd5 36.Kg1 Kf6
37.Kf1 Ke5 38.Be2 Bg5 39.Bc4 Ke4 40.Ke2 Nf4+ 41.Kf1 Bf6 42.Bb5 Bc3 43.Rd6 Bxe1
44.Kxe1 Rc2 45.Ra6 Ng2+ 46.Kd1 Rxf2 47.Rxa5 Ne3+ 48.Kc1 Kd4 49.Ra6 Kc3 50.Rc6+ Kxb3
51.a5 Kb4  1/2-1/2

[Event "1st ch-CHN Rapid w Prelim"]
[Site "Hefei CHN"]
[Date "2011.07.05"]
[Round "9.3"]
[White "Guo Qi"]
[Black "Shen Yang"]
[Result "1/2-1/2"]
[WhiteElo "2368"]
[BlackElo "2459"]

1.d4 d5 2.Nf3 Nf6 3.c4 dxc4 4.e3 e6 5.Bxc4 c5 6.O-O a6 7.dxc5 Qxd1 8.Rxd1 Bxc5
9.b3 b6 10.Bb2 Bb7 11.Nbd2 Nbd7 12.Be2 Ke7 13.Nc4 Rhd8 14.Nce5 Nxe5 15.Nxe5 Rxd1+
16.Rxd1 Rc8 17.Bf3 Bxf3 18.Nxf3 Rd8 19.Rxd8 Kxd8 20.Kf1 Ke7  1/2-1/2

[Event "1st Crakow Closed GM"]
[Site "Krakow POL"]
[Date "2011.07.05"]
[Round "4.4"]
[White "Fodor,T jr"]
[Black "Mista,A"]
[Result "0-1"]
[WhiteElo "2460"]
[BlackElo "2564"]

1.d4 d5 2.c4 dxc4 3.Nf3 Nf6 4.e3 e6 5.Bxc4 c5 6.dxc5 Qxd1+ 7.Kxd1 Bxc5 8.Ke2 Nbd7
9.b3 Nb6 10.Bd3 Nfd5 11.a3 f6 12.e4 Nc7 13.e5 fxe5 14.Bb2 Ncd5 15.g3 O-O
16.Nbd2 Nd7 17.Ne4 N5f6 18.Rac1 b6 19.b4 Bb7 20.bxc5 Bxe4 21.Bxe4 Nxe4 22.c6 Ndc5
23.Bxe5 Rac8 24.c7 Nd7 25.Rhd1 Rf7 26.Rc6 g5 27.Ke3 Nxf2 28.Kxf2 Rxf3+ 29.Kg2 Nxe5
30.Rxe6 Rxc7 31.Rxe5 Rxa3 32.Rxg5+ Kf7 33.h4 Re3 34.Rf1+ Ke6 35.Kh3 Re5 36.Rg8 a5
37.Rb1 b5 38.Re8+ Re7 39.Ra8 b4 40.Ra1 Rb5 41.R8xa5 Rxa5 42.Rxa5 Rb7 43.Kg4 b3
44.Ra1 b2 45.Rb1 Rb5 46.Kf4 h5 47.Ke4 Rb8 48.Kf4 Kf6 49.Ke4 Rb7 50.Rf1+ Ke6
51.Rb1 Rb5 52.Kf4 Kd5 53.Rd1+ Kc4 54.g4 b1=Q 55.Rxb1 Rxb1 56.gxh5 Kd5 57.Kf5 Rf1+  0-1

[Event "6th Polonia Wroclaw Open A"]
[Site "Wroclaw POL"]
[Date "2011.07.05"]
[Round "2"]
[White "Musialkiewicz,P"]
[Black "Mondrzycki,B"]
[Result "1/2-1/2"]
[WhiteElo "1961"]
[BlackElo "2055"]

1.d4 d5 2.c4 dxc4 3.Nf3 Nf6 4.e3 e6 5.Bxc4 c5 6.O-O a6 7.Bb3 Nc6 8.Qe2 cxd4
9.Rd1 Be7 10.exd4 O-O 11.a3 Nd5 12.Nc3 Nxc3 13.bxc3 Qc7 14.c4 Bd7 15.Bc2 Bf6
16.Qe4 g6 17.Bf4 Qa5 18.Rab1 b5 19.Ne5 Bxe5 20.dxe5 Qc7 21.Rd6 Na5 22.Bh6 Nxc4
23.Bxf8 Rxf8 24.Rd3 Bc6 25.Qd4 Nxe5 26.Qd6 Qxd6 27.Rxd6 Rc8 28.Bb3 Be4 29.Re1 Nd3
30.Rd1 Rc3 31.Ba2 Rxa3 32.f3 Rxa2 33.fxe4 Nb2 34.R6d2 Nxd1 35.Rxa2 Nc3 36.Rxa6 Nxe4
37.Rb6 Nc3 38.Kf1 Kf8 39.Ke1 Ke7 40.Kd2 Ne4+ 41.Ke3 Nd6 42.Kd4 e5+ 43.Kd5 Nc4
44.Rxb5 Ne3+ 45.Kxe5 f6+ 46.Ke4 Nxg2 47.Rb7+ Ke6 48.Rxh7 f5+ 49.Kf3 Ne1+
50.Ke2 Ng2 51.Kf2 Nf4 52.Ra7 Kf6 53.Kf3 Ne6 54.h4 Ke5 55.Ra5+ Kf6 56.Ra8 Ke5
57.Rg8 Kf6 58.Rb8 Ke5 59.Rb5+ Kf6 60.Ra5 Nd4+ 61.Ke3 Ne6 62.Ra1 Ke5 63.Rg1 Kf6
64.Rh1 Ke5 65.h5 gxh5 66.Rxh5 Kf6 67.Rh6+ Ke5 68.Rg6 f4+ 69.Kf2 Kf5 70.Rg8 Ng5  1/2-1/2

[Event "Open ch-SVK A"]
[Site "Banska Stiavnica SVK"]
[Date "2011.07.12"]
[Round "4"]
[White "Aczel,G"]
[Black "Bombek,P"]
[Result "1-0"]
[WhiteElo "2470"]
[BlackElo "2186"]

1.d4 d5 2.c4 dxc4 3.Nf3 Nf6 4.e3 e6 5.Bxc4 c5 6.O-O a6 7.dxc5 Qxd1 8.Rxd1 Bxc5
9.Nbd2 b5 10.Be2 Bb7 11.Nb3 Nbd7 12.Nxc5 Nxc5 13.Ne1 O-O 14.f3 Rfd8 15.Bd2 Na4
16.Rab1 Rac8 17.b3 Nb6 18.e4 h6 19.Kf2 Rd7 20.Ke3 Rcd8 21.Nd3 Rc8 22.Ba5 Na8
23.Rdc1 Re7 24.Rxc8+ Bxc8 25.Rc1 Re8 26.Nb4 Nd7 27.Rc6 Nb8 28.Rd6 f6 29.a4 bxa4
30.bxa4 Kf7 31.Nxa6 Bxa6 32.Bxa6 Re7 33.Bb5 Ra7 34.Bd8 Nc7 35.Bc4 Ne8 36.Bxe6+ Kf8
37.Rb6 Na6 38.Kd4 Nac7 39.Bb3 Na8 40.Rb8 Rd7+ 41.Bd5 Nac7 42.Bxc7 Rxc7 43.a5 Ke7
44.Rb7 Kd6 45.a6  1-0

[Event "3rd International Open"]
[Site "Rethymno GRE"]
[Date "2011.07.12"]
[Round "2"]
[White "Altukhov,Yriu"]
[Black "Moen,A"]
[Result "0-1"]
[WhiteElo "2054"]
[BlackElo "2333"]

1.d4 d5 2.c4 dxc4 3.Nf3 Nf6 4.e3 e6 5.Bxc4 c5 6.O-O a6 7.a4 Nc6 8.Qe2 Qc7
9.Nc3 Bd6 10.dxc5 Bxc5 11.e4 Ng4 12.g3 Na5 13.Ba2 Bd7 14.Bf4 Qb6 15.h3 Nf6
16.Ne5 O-O 17.Bg5 Qc7 18.Bf4 Bd6 19.Nxd7 Nxd7 20.Bxd6 Qxd6 21.Rad1 Qe7 22.Rd2 Rfd8
23.Rfd1 Ne5 24.Kg2 Nec6 25.Bb1 Rxd2 26.Rxd2 Qb4 27.Ba2 h6 28.f4 Nd4 29.Qd1 Nac6
30.e5 b5 31.Bb1 Rd8 32.Be4 Na5  0-1

[Event "2nd Vaujany Open A"]
[Site "Vaujany FRA"]
[Date "2011.07.14"]
[Round "1.16"]
[White "Di Nicolantonio,L"]
[Black "Calin,M"]
[Result "1-0"]
[WhiteElo "2325"]
[BlackElo "2001"]

1.d4 d5 2.c4 dxc4 3.Nf3 Nf6 4.e3 e6 5.Bxc4 c5 6.O-O Nc6 7.Nc3 Be7 8.dxc5 Qxd1
9.Rxd1 Bxc5 10.a3 a6 11.b4 Ba7 12.Bb2 b5  1-0

[Event "TCh-Euro Open Girls"]
[Site "Iasi ROU"]
[Date "2011.07.15"]
[Round "1.1"]
[White "Morea,G"]
[Black "Foisor,M"]
[Result "0-1"]
[WhiteElo "1921"]
[BlackElo "2217"]

1.d4 Nf6 2.c4 e6 3.Nf3 d5 4.e3 dxc4 5.Bxc4 c5 6.O-O a6 7.a4 Nc6 8.dxc5 Qxd1
9.Rxd1 Bxc5 10.Nc3 Ke7 11.e4 Ng4 12.Bg5+ f6 13.Bh4 Nge5 14.Nxe5 Nxe5 15.Bb3 Bd7
16.Rac1 Rac8 17.h3 Rhd8 18.Ne2 Bb6 19.Rxc8 Bxc8 20.Rxd8 Kxd8 21.Bc2 Bd7 22.Kf1 Ke7
23.f3 Nc4 24.Bf2 Bxf2 25.Kxf2 Nxb2 26.Nc3 Kd6 27.Ke3 Kc5 28.e5 Nc4+  0-1

[Event "III Corporation Cup A"]
[Site "Izhevsk RUS"]
[Date "2011.07.15"]
[Round "1"]
[White "Aleksandrov,A"]
[Black "Gankin,S"]
[Result "1-0"]
[WhiteElo "2609"]
[BlackElo "2272"]

1.d4 d5 2.c4 dxc4 3.Nf3 Nf6 4.e3 e6 5.Bxc4 c5 6.O-O Nc6 7.a3 cxd4 8.exd4 Be7
9.Nc3 O-O 10.Bf4 b6 11.Qd3 Bb7 12.Rad1 Na5 13.Ba2 Nd5 14.Bb1 f5 15.Ne2 Bf6
16.Ba2 Re8 17.Rfe1 Rc8 18.Bg3 Ba8 19.b4 Nb7 20.Nf4 Rc3 21.Qd2 Rxa3 22.Nxe6 Qd7
23.Nc7 Rxe1+ 24.Rxe1 Nd8 25.Nxa8 f4 26.Nc7  1-0

[Event "III Corporation Cup A"]
[Site "Izhevsk RUS"]
[Date "2011.07.17"]
[Round "3"]
[White "Chan,Na"]
[Black "Gankin,S"]
[Result "1/2-1/2"]
[WhiteElo "1772"]
[BlackElo "2272"]

1.d4 d5 2.c4 dxc4 3.Nf3 Nf6 4.e3 e6 5.Bxc4 c5 6.Nc3 Nc6 7.O-O Be7 8.a3 O-O
9.dxc5 Bxc5 10.b4 Bd6 11.Bb2 a6 12.Qc2 Qe7 13.h3 Bd7 14.Rfe1 Rac8 15.Qe2 Ne5
16.Nxe5 Bxe5 17.Rac1 b5 18.Bd3 Bc6 19.Rc2 Qb7 20.f3 Bb8 21.Rec1 Ba7 22.Nd1 Nd5
23.Kh1 Bd7 24.Be4 f5 25.Bxd5 Qxd5 26.Rd2 Qb7 27.Rxc8 Rxc8 28.Nf2 Be8 29.Bd4 Rc1+
30.Rd1 Rxd1+ 31.Qxd1 Bb8 32.Nd3 Bd6 33.Qb3 Qc8 34.Qc3 Qxc3 35.Bxc3 Bd7 36.Kg1 g5
37.Kf2 Kf8 38.Bf6 h6 39.h4 gxh4 40.Bxh4 Kf7 41.Bg3 Be7 42.Be5 Bd8 43.Nc5 Bc8
44.e4 Be7 45.Ke3 Bxc5+ 46.bxc5 Bb7 47.Kf4 fxe4 48.fxe4 h5 49.g3 Ke7 50.Bc3 Bc6
51.Bd4 Be8 52.g4 h4 53.Bf2 h3 54.Kg3 Bc6 55.Kxh3 Bxe4 56.Kg3 e5 57.g5 Ke6
58.Be1 Kd5 59.Bb4  1/2-1/2

[Event "34th Taminco Open"]
[Site "Ghent BEL"]
[Date "2011.07.19"]
[Round "8.10"]
[White "Renette,H"]
[Black "Bosschem,T"]
[Result "1-0"]
[WhiteElo "2348"]
[BlackElo "2068"]

1.d4 d5 2.c4 dxc4 3.Nf3 Nf6 4.e3 e6 5.Bxc4 c5 6.O-O a6 7.Bb3 Nbd7 8.e4 Nxe4
9.Qe2 Ndf6 10.Rd1 cxd4 11.Rxd4 Qc7 12.Na3 Bxa3 13.bxa3 Nc3 14.Qe1 Nb5 15.Rc4 Qe7
16.a4 Nc7 17.Be3 Ncd5 18.Bc5 Qd8 19.Rd4 b6 20.Ba3 Bb7 21.Rad1 Rc8 22.Ng5 Qd7
23.Ne4 Nxe4 24.Qxe4 f5 25.Qe5 Kf7 26.Bb2 Rhg8 27.Rxd5 Bxd5 28.Rxd5 exd5 29.Bxd5+ Kg6
30.Qg3+ Kh6 31.Bf3 Qd4 32.Qh3+ Kg5 33.Qh5+  1-0

[Event "20th ch-MKD Open"]
[Site "Struga MKD"]
[Date "2011.07.19"]
[Round "4"]
[White "Jacimovic,D"]
[Black "Borsos,B"]
[Result "1-0"]
[WhiteElo "2443"]
[BlackElo "2253"]

1.d4 d5 2.c4 dxc4 3.Nf3 Nf6 4.e3 e6 5.Bxc4 c5 6.O-O a6 7.b3 cxd4 8.Nxd4 Be7
9.Bb2 O-O 10.Nd2 Bd7 11.Be2 Nc6 12.Bf3 Rc8 13.Rc1 Nxd4 14.Bxd4 Bb5 15.Nc4 Bc6
16.h3 Bxf3 17.Qxf3 Qd5 18.Bxf6 Qxf3 19.gxf3 Bxf6 20.Nd6 Rb8 21.Rfd1 Rfd8
22.Ne4 Be7 23.Rxd8+ Bxd8 24.Nc5 h6 25.Nd7 Ra8 26.Rc4 b5 27.Rc6 Bh4 28.Kf1 a5
29.Rb6 Ra7 30.Rb8+  1-0

[Event "Czech Open G Rapid"]
[Site "Pardubice CZE"]
[Date "2011.07.20"]
[Round "2.7"]
[White "Arutinian,D"]
[Black "Zubritskiy,A"]
[Result "1-0"]
[WhiteElo "2562"]
[BlackElo "2342"]

1.d4 d5 2.c4 dxc4 3.e3 Nf6 4.Bxc4 e6 5.Nf3 c5 6.Qe2 a6 7.dxc5 Bxc5 8.O-O O-O
9.e4 Nc6 10.e5 Nd5 11.Qe4 h6 12.Nbd2 Re8 13.Nb3 Bf8 14.Rd1 Nce7 15.h4 Bd7
16.Bd3 g6 17.h5 Bb5 18.Bc2 Rc8 19.Nbd4 Qb6 20.a4 Bc6 21.Qg4 Bd7 22.hxg6 f5
23.exf6 Nxf6 24.Qh4 Bg7 25.Bxh6 Rxc2 26.Bxg7 Kxg7 27.Nxc2 Nxg6 28.Qg5 Bc6
29.Ncd4 Ne4 30.Qe3 Bd5 31.Nf5+  1-0

[Event "Czech Open G Rapid"]
[Site "Pardubice CZE"]
[Date "2011.07.21"]
[Round "5.8"]
[White "Gorovets,A"]
[Black "Lintchevski,D"]
[Result "1/2-1/2"]
[WhiteElo "2417"]
[BlackElo "2553"]

1.d4 d5 2.c4 dxc4 3.e3 Nf6 4.Bxc4 e6 5.Nf3 c5 6.dxc5 Qxd1+ 7.Kxd1 Bxc5 8.a3 O-O
9.Ke2 Be7 10.Rd1 Nbd7 11.Nc3 Ne8 12.b4 a5 13.bxa5 Nd6 14.Bd3 Nc5 15.Nb5 Rd8
16.Nxd6 Rxd6 17.Bc2 Rxd1 18.Kxd1 Rxa5 19.Bd2 Ra6 20.Bb4 Bd7 21.Ne5 Be8 22.Rb1 f6
23.Nd3 b6 24.f3 Kf8 25.Nf4 g5 26.Ne2 h5 27.Nd4 Bd7 28.Kd2 Ra8 29.h3 Rd8 30.Ke1 h4
31.Bd2 Rb8 32.Ba5 Bd8 33.Bb4 Be7 34.Ba5 Bd8 35.Bb4 Bc7 36.Nb3 Bd6 37.Nxc5 bxc5
38.Bc3 Rxb1+ 39.Bxb1 Ke7 40.Bd3 Bc6 41.Ke2 f5 42.e4 c4 43.Bxc4 fxe4 44.Bb4 exf3+
45.gxf3 e5 46.Ke3 Bxb4  1/2-1/2

[Event "20th ZMDI Open A"]
[Site "Dresden GER"]
[Date "2011.08.11"]
[Round "6.13"]
[White "Kraemer,Mart"]
[Black "Donchenko,Alexa"]
[Result "1/2-1/2"]
[WhiteElo "2506"]
[BlackElo "2280"]

1.d4 d5 2.c4 dxc4 3.Nf3 Nf6 4.e3 e6 5.Bxc4 c5 6.O-O a6 7.Bb3 Nc6 8.Nc3 Qc7
9.Bd2 Be7 10.Rc1 cxd4 11.exd4 O-O 12.d5 exd5 13.Nxd5 Nxd5 14.Bxd5 Bf6 15.Bc3 Bxc3
16.Rxc3 Qb6 17.Bxc6 bxc6 18.Qc2 Qa5 19.b3 Bf5 20.Rc5 Bxc2 21.Rxa5 Rfd8 22.Re1 f6
23.Rc5 Bd1 24.Rxc6 Bxf3 25.gxf3 Ra7 26.Rec1 Rdd7 27.R1c4 Rd5 28.R6c5 Rad7
29.b4 Kf7 30.Rxd5 Rxd5 31.Rc7+ Kg6 32.Ra7 Rd4 33.a3 Rd6 34.f4 Kh6 35.Kf1 Re6
36.Kg2 Kg6 37.Kf3 h6 38.Rc7 h5 39.Rc5 Kh6 40.h4 g6 41.f5 gxf5 42.Rxf5 Kg6
43.Rc5 Kh6 44.Kf4 Kg6 45.f3 Kh6 46.a4 Kg6 47.Rc2 Re1 48.Rc6 Rh1 49.Kg3 Rb1
50.Rb6 Rb2 51.Kf4 Rh2 52.Kg3 Rb2 53.Kf4 Rh2 54.Ke4 Rxh4+ 55.f4 Rh1 56.Rxa6 h4
57.Kf3 Rg1 58.Ra8  1/2-1/2

[Event "20th ZMDI Open A"]
[Site "Dresden GER"]
[Date "2011.08.12"]
[Round "7.1"]
[White "Vorobiov,E"]
[Black "Sengupta,D"]
[Result "1/2-1/2"]
[WhiteElo "2574"]
[BlackElo "2563"]

1.d4 d5 2.c4 e6 3.Nf3 c6 4.e3 Nf6 5.Bd3 dxc4 6.Bxc4 c5 7.O-O a6 8.Bb3 Nc6
9.Nc3 Be7 10.dxc5 Qxd1 11.Rxd1 Bxc5 12.Bd2 Bd7 13.Rac1 Ba7 14.Be1 Ke7 15.Na4 Ne4
16.Bc2 Nf6 17.Bb1 Rhd8 18.Nc5 Be8 19.Rxd8  1/2-1/2

[Event "86th ch-FRA"]
[Site "Caen FRA"]
[Date "2011.08.15"]
[Round "2"]
[White "Edouard,R"]
[Black "Istratescu,A"]
[Result "1/2-1/2"]
[WhiteElo "2587"]
[BlackElo "2645"]

1.d4 d5 2.c4 dxc4 3.Nf3 Nf6 4.e3 e6 5.Bxc4 c5 6.O-O a6 7.Bd3 Nbd7 8.Re1 b6
9.e4 cxd4 10.e5 Nd5 11.Nxd4 Nc5 12.Bf1 Bb7 13.Nd2 Be7 14.Qg4 O-O 15.N2f3 Kh8
16.Ng5 h6 17.Ngf3 Rc8 18.Qh5 Kg8 19.Qg4 Kh8 20.Qh5 Kg8 21.Qg4  1/2-1/2

[Event "26th Universiade Women"]
[Site "Shenzhen CHN"]
[Date "2011.08.16"]
[Round "4.2"]
[White "Shen Yang"]
[Black "Tuvshintugs,B"]
[Result "1/2-1/2"]
[WhiteElo "2459"]
[BlackElo "2313"]

1.d4 d5 2.Nf3 Nf6 3.c4 dxc4 4.e3 e6 5.Bxc4 c5 6.O-O a6 7.Bb3 b5 8.a4 b4 9.e4 Bb7
10.e5 Ne4 11.Nbd2 Nxd2 12.Bxd2 cxd4 13.Bg5 Be7 14.Bxe7 Qxe7 15.Nxd4 O-O 16.Qg4 Nc6
17.Nf3 Na5 18.Bc2 Bxf3 19.Qxf3 g6 20.Rac1 Rfd8 21.Qf4 Rac8 22.h4 Rc4 23.Be4 Rdd4
24.f3 Qc5 25.Kh1 Nc6 26.Qg5 Qxe5 27.Rxc4 Rxc4 28.Bd3 Qxg5 29.hxg5 Rc5 30.Bxa6 Rxg5
31.Rc1 Na5 32.Kg1 Kg7 33.Kf2 h5 34.Rc7 Rd5 35.Ke3 Re5+ 36.Kf2 Rd5 37.Ke3 Re5+
38.Kf2 Rd5 39.Ke1 Re5+ 40.Kf2 Rd5  1/2-1/2

[Event "Metalmex Open"]
[Site "Liberec CZE"]
[Date "2011.08.17"]
[Round "5.15"]
[White "Prachar,J"]
[Black "Bradac,A"]
[Result "1/2-1/2"]
[WhiteElo "1878"]
[BlackElo "1787"]

1.d4 Nf6 2.c4 e6 3.Nf3 d5 4.e3 c5 5.Bd3 dxc4 6.Bxc4 Nc6 7.O-O Be7 8.Nc3 O-O
9.Qe2 cxd4 10.exd4 Nxd4 11.Nxd4 Qxd4 12.Rd1 Qg4 13.Be3 b6 14.f3 Qf5 15.Kh1 Bb7
16.Bf2 Rfd8 17.Bd3 Qg5 18.a3 Bd6 19.Nb5 Bf4 20.Nc3 Qh5 21.Bg1 Qh6 22.Qf2 Nh5
23.Qh4 g5 24.Qh3 g4 25.Qxg4+ Kf8 26.Qh3 Ng3+ 27.hxg3 Qxh3+ 28.gxh3 Bxf3+
29.Kh2 Bxd1 30.Rxd1 Be5 31.Nb5 Rd7 32.Be2 Rxd1 33.Bxd1 Rd8 34.Bf3 Rd2+ 35.Bg2 Rxb2
36.Nxa7 Rb1 37.Bf2 Bd6 38.a4 Rb2 39.Bg1 Rb3 40.Bf2 h5 41.h4 Rb4 42.Kh3 f5
43.Nb5 Bc5 44.Bxc5+ bxc5 45.Nc7 c4 46.Nxe6+ Ke7 47.Nd4 Kf6 48.a5 c3 49.Nc2 Ra4
50.Bf1 Rxa5 51.Bd3 Rd5 52.Ne1 Rd4 53.Kg2 f4 54.gxf4 Rxf4 55.Nf3 Rxf3  1/2-1/2

[Event "26th Universiade Women"]
[Site "Shenzhen CHN"]
[Date "2011.08.19"]
[Round "8"]
[White "Batsiashvili,N"]
[Black "Tuvshintugs,B"]
[Result "1/2-1/2"]
[WhiteElo "2381"]
[BlackElo "2313"]

1.d4 d5 2.Nf3 Nf6 3.c4 dxc4 4.e3 e6 5.Bxc4 c5 6.O-O a6 7.dxc5 Bxc5 8.Qxd8+ Kxd8
9.Nbd2 Ke7 10.Be2 Rd8 11.Nb3 Bd6 12.Na5 Bc7 13.Nc4 Nc6 14.b3 b5 15.Ba3+ Ke8
16.Ncd2 Bb7 17.Rfc1 Ba5 18.Nf1 Ne4 19.Bb2 f6 20.a3 Rac8 21.b4 Bb6 22.Rc2 Ne7
23.Rac1 Rxc2 24.Rxc2 Nf5 25.Ng3 Nexg3 26.hxg3 Be4 27.Rd2 Rxd2 28.Nxd2 Nxg3
29.Nxe4 Nxe4 30.Bd3 Nd6 31.Bxh7 Nc4 32.Bc1 Kd7 33.Kf1 Kd6 34.Ke2 a5 35.bxa5 Bxa5
36.Kd3 Kd5 37.f4 e5 38.Bg8+ Kc5 39.g4 Bd8 40.Be6 exf4 41.exf4 g5 42.fxg5 fxg5
43.Ke4 Be7 44.Kf5 Nd6+ 45.Kg6 Ne4 46.Kf7 Bd6 47.Bf5 Kd5 48.Bxe4+ Kxe4 49.Bxg5 Bxa3
50.Bf6 Bc1 51.g5 Bxg5 52.Bxg5  1/2-1/2

[Event "Brasschaat Open"]
[Site "Brasschaat BEL"]
[Date "2011.08.20"]
[Round "1.7"]
[White "Peredy,F"]
[Black "Tavernier,F"]
[Result "1-0"]
[WhiteElo "2216"]
[BlackElo "1740"]

1.d4 d5 2.c4 dxc4 3.Nf3 Nf6 4.e3 e6 5.Bxc4 c5 6.O-O a6 7.Qe2 b5 8.Bd3 Bb7
9.dxc5 Bxc5 10.Rd1 Qb6 11.a3 O-O 12.b4 Be7 13.Bb2 Nbd7 14.Nbd2 Rac8 15.Nf1 Ne4
16.Bxe4 Bxe4 17.Rxd7 Rc2 18.Rd2  1-0

[Event "86th ch-FRA"]
[Site "Caen FRA"]
[Date "2011.08.23"]
[Round "9"]
[White "Bauer,Ch"]
[Black "Istratescu,A"]
[Result "1/2-1/2"]
[WhiteElo "2637"]
[BlackElo "2645"]

1.d4 Nf6 2.Nf3 d5 3.c4 dxc4 4.e3 e6 5.Bxc4 c5 6.O-O a6 7.dxc5 Qxd1 8.Rxd1 Bxc5
9.Be2 Nc6 10.Nfd2 Ke7 11.Nb3 Bd6 12.N1d2 b5 13.Nf3 Bd7 14.Bd2 Rhc8 15.Rac1 Nb4
16.a3 Nbd5 17.Bd3 Nb6 18.Na5 Na4 19.Rb1 Ra7 20.h3 Be8 21.Be1 Rac7 22.Kf1  1/2-1/2

[Event "20th Kaerntner Chess Summer"]
[Site "Feffernitz AUT"]
[Date "2011.08.23"]
[Round "4"]
[White "Kock,HU"]
[Black "Piber,Vink"]
[Result "1/2-1/2"]
[WhiteElo "2084"]
[BlackElo "1822"]

1.d4 d5 2.Nf3 Nf6 3.c4 dxc4 4.e3 e6 5.Bxc4 c5 6.O-O a6 7.a4 Nc6 8.Nc3 cxd4
9.exd4 Be7 10.h3 O-O 11.Re1 b6 12.Be3 Bb7 13.Qe2 Nb4 14.Rac1 Rc8 15.Ne5 Rc7
16.Red1 Qa8  1/2-1/2

[Event "Trade Fair Open A"]
[Site "Brno CZE"]
[Date "2011.08.26"]
[Round "7"]
[White "Pokorny,P"]
[Black "Kredl,K"]
[Result "1/2-1/2"]
[WhiteElo "2260"]
[BlackElo "2108"]

1.d4 d5 2.c4 dxc4 3.e3 Nf6 4.Bxc4 e6 5.Nf3 c5 6.O-O a6 7.a4 Nc6 8.Nc3 Qc7
9.Qe2 Bd6 10.Rd1 O-O 11.h3 b6 12.dxc5 Bxc5 13.e4 Ne5 14.Bb3 Bb7 15.Bg5 Rfd8
16.Kh1 Ng6 17.Rxd8+  1/2-1/2

[Event "1st Alghero Open"]
[Site "Alghero ITA"]
[Date "2011.08.27"]
[Round "2.8"]
[White "Granaldi,A"]
[Black "Sprenger,J"]
[Result "1/2-1/2"]
[WhiteElo "2089"]
[BlackElo "2515"]

1.d4 d5 2.c4 dxc4 3.e3 Nf6 4.Bxc4 e6 5.Nf3 c5 6.O-O a6 7.Bb3 Nbd7 8.e4 Nxe4
9.Qe2 c4 10.Bxc4 Ndf6 11.Bd3 Nd6 12.Nc3 b5 13.d5 b4 14.dxe6 bxc3 15.exf7+ Kxf7
16.Ng5+ Kg8 17.Rd1 g6 18.Bc4+ Kg7 19.Rxd6 Bxd6 20.Nf7 h5 21.Nxd8 Rxd8 22.Bg5 Bg4
23.Qc2 Be5 24.bxc3 Rdc8 25.Re1 Rc5 26.f3 Bf5 27.Qe2 Re8 28.Kh1 Bd7 29.Rd1 Ba4
30.Bb3 Bxc3 31.Bxf6+ Bxf6 32.Qxa6 Rce5 33.g3 Bb5 34.Qb6 Re1+ 35.Rxe1 Rxe1+
36.Kg2 Re2+  1/2-1/2

[Event "20th Kaerntner Chess Summer"]
[Site "Feffernitz AUT"]
[Date "2011.08.27"]
[Round "8"]
[White "Okhotnik,V"]
[Black "Mazi,L"]
[Result "1-0"]
[WhiteElo "2455"]
[BlackElo "2332"]

1.d4 d5 2.c4 dxc4 3.e3 Nf6 4.Bxc4 e6 5.Nf3 c5 6.O-O a6 7.Bb3 Nc6 8.Nc3 cxd4
9.exd4 Be7 10.Bg5 O-O 11.Qd2 Nb4 12.Ne5 Bd7 13.Bxf6 Bxf6 14.Ne4 Be7 15.Nc5 Bb5
16.Qxb4 Bxf1 17.Rxf1 b6 18.Nc6 bxc5 19.Qb7 Qd6 20.dxc5 Qxc5 21.Nxe7+ Kh8
22.Nc6 g5 23.g3 h5 24.Ba4 h4 25.Qb3 hxg3 26.hxg3 Qf5 27.Qc3+ f6 28.Bc2 Qh3
29.Rd1 Rf7 30.Nd8 Rf8 31.Rd7  1-0

[Event "18th Graz Open"]
[Site "Graz AUT"]
[Date "2011.08.27"]
[Round "1"]
[White "Kozul,Z"]
[Black "Zoebisch,H"]
[Result "1-0"]
[WhiteElo "2541"]
[BlackElo "2148"]

1.d4 d5 2.c4 dxc4 3.Nf3 Nf6 4.e3 e6 5.Bxc4 c5 6.O-O a6 7.a3 Nc6 8.Nc3 Be7
9.dxc5 Qxd1 10.Rxd1 Bxc5 11.b4 Ba7 12.Bb2 Bd7 13.Be2 Rc8 14.b5 axb5 15.Nxb5 Bb8
16.a4 Ne7 17.Ne5 Rc2 18.Nxd7 Nxd7 19.Bxg7 Rg8 20.Bd3 Rc5 21.Bd4 Rh5 22.g3 e5
23.Bb2 Nc5 24.Ba3 Nxd3 25.Rxd3 Nc6 26.Rad1 Rg4 27.Rd7 Rxa4 28.Rxb7 e4 29.Rxb8+  1-0